000 00786nam a2200265 i 4500
001 7831
003 ES-MaACL
005 20240223063021.0
007 t|
008 910512s1988 sp |||| | spa d
020 _a84-406-0233-2
080 _a008(100-773)
080 _a308(100-773)
100 0 _aZiegler, Jean,
_d1934-
_9118236
245 1 3 _aLa victoria de los vencidos /
_cJean Ziegler.
250 _a1ª ed.
260 _aBarcelona :
_bEdiciones B,
_c1988.
300 _a223 p. ;
_c21 cm.
490 1 _aDocumentos ;
_v3
651 4 _aPaíses en desarrollo-
_xCivilización.
_9161763
651 4 _aPaíses en desarrollo-
_xSituación social.
_915794
830 0 _aDocumentos ;
_v3
_9177791
852 _aES-MaACL
_jL-15054
_z- rust.
999 _c7831
_d7831